Pays qui contiennent la lettre EEE+ - Statistiques

Statistiques générales
  • Ce quiz a été pris 142 fois
  • Le résultat moyen est 9 sur 17
Statistiques - réponses
Indice Pays % Correct
4 x E République Démocratique du Congo
78%
3 x E Érythrée
68%
5 x E Papouasie-Nouvelle-Guinée
68%
4 x E Nouvelle-Zélande
65%
4 x E Guinée Équatoriale
63%
4 x E République Centrafricaine
59%
3 x E République Dominicaine
59%
4 x E Saint-Christophe-et-Niévès
58%
5 x E Saint-Vincent-et-les-Grenadines
58%
3 x E Venezuela
52%
4 x E République Tchèque
50%
7 x E États Fédérés de Micronésie
43%
3 x E Liechtenstein
41%
3 x E Seychelles
41%
4 x E Bosnie-Herzégovine
36%
3 x E Sao Tomé-et-Principe
31%
3 x E Sierra Leone
13%
Aucun quiz correspondant
Distribution des résultats
% des personnes avec chaque résultat
Percentile par nombre de réponses
Votre historique - résultats
Vous n’avez pas pris ce quiz